Formula 1: Most Points Per Team - McLaren - Statistics

General Stats
  • This quiz has been taken 990 times
    460 since last reset
  • The average score is 21 of 30
Answer Stats
Points Driver Nationality Seasons on McLaren % Correct
950 Lando Norris United Kingdom 2019-
98%
1,298 Lewis Hamilton United Kingdom 2007-2012
98%
1,454.5 Alain Prost France 1980, 1984-1989
97%
1,321.5 Ayrton Senna Brazil 1988-1993
97%
402 Fernando Alonso Spain 2007, 2015-2018
97%
1,325 Mika Häkkinen Finland 1993-2001
95%
347 Oscar Piastri Australia 2023-
95%
863 Kimi Räikkönen Finland 2002-2006
94%
904 Jenson Button United Kingdom 2010-2017
91%
415 Niki Lauda Austria 1982-1985
91%
201 Carlos Sainz Spain 2019-2020
89%
148 Daniel Ricciardo Australia 2021-2022
88%
1,347 David Coulthard United Kingdom 1996-2004
87%
214 Juan Pablo Montoya Colombia 2005-2006
82%
328 Emerson Fittipaldi Brazil 1974-1975
77%
457.5 Gerhard Berger Austria 1990-1992
75%
235 Bruce McLaren New Zealand 1966-1970
74%
695 Denny Hulme New Zealand 1968-1974
74%
387 James Hunt UK 1976-1978
72%
196 Heikki Kovalainen Finland 2008-2009
71%
88 Keke Rosberg Finland 1986
60%
59 Pedro de la Rosa Spain 2005-2006
59%
289.5 Jochen Mass West Germany 1974-1977
41%
449 John Watson UK 1979-1983, 1985
41%
67 Martin Brundle United Kingdom 1994
38%
127 Stefan Johansson Sweden 1987
36%
72 Mark Blundell United Kingdom 1995
28%
230 Peter Revson United States 1971, 1973
27%
69 Patrick Tambay France 1978-1979
26%
63 Mike Hailwood United Kingdom 1974
8%
No matching quizzes found
Score Distribution
Percent of People with Each Score
Percentile by Number Answered
Your Score History
You have not taken this quiz since the last reset